Menuhin Competition senior division Winners 1983-2021 - Statistics

General Stats
  • This quiz has been taken 3 times
  • The average score is 8 of 18
Answer Stats
Year Winner % Correct
1983 Leland chen
100%
2008 Ray Chen
100%
2016 Ziyu He
100%
2018 Diana Adamyan
67%
2021 Maria Duenas
67%
2014 Stephen Waarts
67%
1985 Xiao-Dong Wang
67%
2000 Akiko Ono
33%
2006 Hrachya Avanesyan
33%
2004 Hye-Jin Kim
33%
1989 Joji Hattori
33%
2012 Kenneth Renshaw
33%
1995 Lisa Kim
33%
2002 Soyoung Yoon
33%
2010 Xiang Yu
33%
1987 Elisabeth Glass
0%
1993 Gabriela Demeterova
0%
1998 Susie Park
0%
No matching quizzes found
Score Distribution
Percent of People with Each Score
Percentile by Number Answered
Your Score History
You have not taken this quiz